Positioning theory in applied linguistics : research design and applications /

Bibliographic Details
Main Author: Kayi-Aydar, Hayriye (Author)
Corporate Author: ProQuest (Firm)
Format: eBook
Language:English
Published: Cham, Switzerland : Palgrave Macmillan, [2019]
Subjects:
Online Access:Connect to the full text of this electronic book

MARC

Tag First Indicator Second Indicator Subfields
LEADER 00000cam a2200000Ii 4500
001 in00004014635
006 m o d
007 cr cnu|||unuuu
008 180827s2019 sz o 000 0 eng d
005 20250816211026.0
020 |a 9783319973371  |q (electronic bk.) 
020 |a 3319973371  |q (electronic bk.) 
020 |z 9783319973364  |q (print) 
024 8 |a 99978448560 
035 |a (NhCcYBP)ebc5497843 
040 |a NhCcYBP  |c NhCcYBP  |d UtOrBLW 
050 4 |a P129  |b .K39 2019 
072 7 |a FOR  |x 018000  |2 bisacsh 
072 7 |a LAN  |x 001000  |2 bisacsh 
072 7 |a LAN  |x 006000  |2 bisacsh 
072 7 |a LAN  |x 009000  |2 bisacsh 
072 7 |a LAN  |x 012000  |2 bisacsh 
072 7 |a LAN  |x 019000  |2 bisacsh 
082 0 4 |a 418  |2 23 
100 1 |a Kayi-Aydar, Hayriye,  |e author.  |0 http://id.loc.gov/authorities/names/no2018157466 
245 1 0 |a Positioning theory in applied linguistics :  |b research design and applications /  |c Hayriye Kayı-Aydar. 
264 1 |a Cham, Switzerland :  |b Palgrave Macmillan,  |c [2019] 
300 |a 1 online resource. 
336 |a text  |b txt  |2 rdacontent 
337 |a computer  |b c  |2 rdamedia 
338 |a online resource  |b cr  |2 rdacarrier 
588 0 |a Online resource; title from PDF title page (Ebsco, viewed August 28, 2018). 
505 0 |a Chapter 1: Positioning Theory -- Chapter 2: Positioning Theory and Discourse Analysis -- Chapter 3: Positioning Theory in Applied Linguistics -- Chapter 4. Positioning Theory in Language Teacher Education -- Chapter 5: Classroom Discourse for Positioning Research -- Chapter 6: Narrative Texts for Positioning Research -- Chapter 7: Trustworthiness, Current Debates, Future Directions. 
500 |a Electronic resource. 
650 0 |a Applied linguistics.  |0 http://id.loc.gov/authorities/subjects/sh85006168 
655 7 |a Electronic books.  |2 local 
710 2 |a ProQuest (Firm)  |0 http://id.loc.gov/authorities/names/n2007068018 
856 4 0 |u https://ebookcentral.proquest.com/lib/tamucs/detail.action?docID=5497843  |z Connect to the full text of this electronic book  |t 0 
945 |a machinegen 
955 |a YBP purchased firm e-records 
980 |b 179.98  |g 1 
987 |a ybp15672570 
999 f f |s 41259ea0-d52f-36f2-91fc-2c778c6891b7  |i 72a2d56e-9e3c-30e9-a576-bb3133add3e1  |t 0 
952 f f |a Texas A&M University  |b College Station  |c Electronic Resources  |d Available Online  |t 0  |e P129 .K39 2019  |h Library of Congress classification 
998 f f |a P129 .K39 2019  |t 0  |l Available Online